20 Best Rbs In NFL History - Statistics

General Stats
  • This quiz has been taken 109 times
  • The average score is 10 of 20
Answer Stats
Hint Answer % Correct
4. Barry Sanders
91%
13. Emmitt Smith
77%
1. Walter Payton
75%
2. Jim Brown
73%
8. Adrian Peterson
72%
7. LaDainian Tomlinson
66%
10. Eric Dickerson
56%
17. Jerome Bettis
53%
6. Marshall Faulk
52%
3. Oj Simpson
50%
14. Terell Davis
41%
16. Franco Harris
35%
20. Shaun Alexander
35%
9. Tony Dorsett
35%
5. Earl Campbell
33%
15. Edgerrin James
33%
11. Thurman Thomas
31%
12. Curtis Martin
28%
18. Priest Holmes
23%
19. Jamaal Charles
18%
No matching quizzes found
Score Distribution
Percent of People with Each Score
Percentile by Number Answered
Your Score History
You have not taken this quiz